[Event "FIDE WCh knock-out"]
[Site "New Delhi IND"]
[Date "2000.11.27"]
[Round "1.1"]
[White "Lautier, Joel"]
[Black "Leitao, Rafael"]
[Result "0-1"]
[WhiteElo "2648"]
[BlackElo "2567"]
[EventDate "2000.11.27"]
[PlyCount "88"]

1.d4 Nf6 2.c4 e6 3.Nc3 Bb4 4.e3 b6 5.Ne2 Ba6 6.Ng3 c5 7.d5 exd5 8.cxd5 
Bxf1 9.Kxf1 O-O 10.e4 d6 11.Bf4 Re8 12.f3 Bxc3 13.bxc3 Nfd7 14.Bxd6 Qf6 
15.Bxb8 Raxb8 16.Qc2 Ne5 17.Kf2 c4 18.Rhb1 b5 19.Kg1 Nd3 20.Kh1 b4 21.cxb4
Rxb4 22.a3 Rb3 23.Rf1 Rb2 24.Qxc4 Nf2+ 25.Rxf2 Rxf2 26.Rb1 g6 27.a4 h5 28.
Ne2 Qg5 29.Rg1 Qe3 30.Nd4 Rb8 31.Qc7 Rb6 32.Qd8+ Kh7 33.Ne6 Rxg2 34.Ng5+ 
Rxg5 35.Qxg5 Qxf3+ 36.Qg2 Qe3 37.Rf1 Kg7 38.Rd1 Rf6 39.d6 Rf2 40.Qg3 Qe2 
41.Rc1 Qxe4+ 42.Kg1 Rf3 43.Qe1 Qd4+ 44.Kg2 Rd3 0-1

[Event "FIDE WCh knock-out"]
[Site "New Delhi IND"]
[Date "2000.11.29"]
[Round "1.3"]
[White "Volkov, Sergei"]
[Black "Sakaev, Konstantin"]
[Result "0-1"]
[WhiteElo "2554"]
[BlackElo "2627"]
[EventDate "2000.11.27"]
[PlyCount "86"]

1.d4 Nf6 2.c4 e6 3.Nc3 Bb4 4.f3 c5 5.d5 b5 6.e4 O-O 7.Bg5 h6 8.Bh4 Re8 9.
dxe6 Rxe6 10.Ne2 g5 11.Bf2 bxc4 12.a3 Ba5 13.h4 g4 14.Nf4 Rb6 15.Qd2 Nc6 
16.Bxc5 Rab8 17.Bxb6 Qxb6 18.O-O-O Nd4 19.Bxc4 Ba6 20.b4 Bxb4 21.Qxd4 Bc5 
22.Na4 Bxa3+ 23.Kc2 Qc6 24.Kd3 Rb4 25.Bxa6 Rxd4+ 26.Kxd4 Qxa6 27.Nc3 Bb2 
28.e5 Qa4+ 29.Ke3 Bxc3 30.exf6 g3 31.Nd5 Bb2 32.f4 a5 33.Kf3 Qb3+ 34.Kg4 
a4 35.Rhe1 a3 36.Ne7+ Kh7 37.Nf5 a2 38.Nxg3 Qa4 39.Nf5 a1=Q 40.Rxa1 Bxa1 
41.Re7 Kg6 42.h5+ Kxf6 43.Re1 Qa5 0-1

[Event "FIDE WCh knock-out"]
[Site "New Delhi IND"]
[Date "2000.11.29"]
[Round "1.5"]
[White "Volkov, Sergei"]
[Black "Sakaev, Konstantin"]
[Result "1/2-1/2"]
[WhiteElo "2554"]
[BlackElo "2627"]
[EventDate "2000.11.27"]
[PlyCount "57"]

1.d4 Nf6 2.c4 e6 3.Nc3 Bb4 4.e3 O-O 5.Ne2 d5 6.a3 Be7 7.cxd5 Nxd5 8.Bd2 
Nd7 9.g3 Nxc3 10.Bxc3 c5 11.Bg2 cxd4 12.Qxd4 Bf6 13.Qd6 Nb6 14.Qxd8 Bxc3+ 
15.Nxc3 Rxd8 16.a4 Rb8 17.Ke2 Bd7 18.a5 Nc4 19.b3 Ne5 20.f4 Bc6 21.Be4 
Bxe4 22.Nxe4 Nc6 23.Rhc1 a6 24.Nc5 Rd6 25.Rc4 Kf8 26.b4 Ke7 27.Rac1 Na7 
28.Na4 Nc6 29.Nc5 1/2-1/2

[Event "FIDE WCh knock-out"]
[Site "New Delhi IND"]
[Date "2000.12.03"]
[Round "3.1"]
[White "Bareev, Evgeny"]
[Black "Alexandrov, Alexei"]
[Result "1-0"]
[WhiteElo "2702"]
[BlackElo "2591"]
[EventDate "2000.11.27"]
[PlyCount "62"]

1.d4 Nf6 2.c4 e6 3.g3 d5 4.Nf3 dxc4 5.Bg2 Nc6 6.Qa4 Bb4+ 7.Bd2 Nd5 8.Bxb4 
Nxb4 9.O-O Rb8 10.Na3 O-O 11.Qb5 b6 12.Qxc4 a5 13.Qc3 Ba6 14.Nc4 Nd5 15.
Qc1 f5 16.e3 Rc8 17.Rd1 Qe7 18.a3 Na7 19.Nfe5 c5 20.Qd2 cxd4 21.Qxd4 Nb5 
22.Qd3 Kh8 23.Qb3 Rc5 24.a4 Qc7 25.axb5 Rxb5 26.Qa3 Rb4 27.Rac1 Rc8 28.b3 
Bxc4 29.Nxc4 Qb8 30.Bxd5 exd5 31.Nd6 Rc5 1-0